000 00284nam a2200097Ia 4500
008 220214s9999 xx 000 0 und d
245 0 _aStem breaking of arecanut palms
260 _bLeflet No.4 published by The Indian Central Arecanut Committee, Kozhikode
300 _a4p
942 _cRE
999 _c46480
_d46480